000 00676nam a2200193Ia 4500
003 GCL
005 20240530102203.0
008 140319s9999 xx 000 0 ara d
040 _aGCL /
_cGCL
082 0 4 _a320.11
_bت ا
100 1 _aتوفيق عبدالغنى الرصاصى
245 1 0 _aاسس العلوم السياسية فى ضوء الشريعة الاسلامية /
_cتوفيق عبدالغنى الرصاصى
260 _a[S.N] :
_bالهيئة المصرية العامة للكتاب ،
_c1986
300 _a258 ص
650 0 4 _aالعلوم السياسية
650 0 4 _aالاحزاب السياسية
650 0 4 _aالدولة
942 _2ddc
_cBK
999 _c30421
_d30421